| 000 | 00493nam a2200181Ia 4500 | ||
|---|---|---|---|
| 008 | 240925s9999 xx 000 0 und d | ||
| 020 | _a70308608 | ||
| 082 | _a621.3815 HUE | ||
| 100 | _aHuelsman ,Lawrence P. | ||
| 245 | 0 | _aActive and Passive Analog Filter Design: an Introduction | |
| 250 | _aNA | ||
| 260 |
_aNew York: _bMcGraw-Hill _c,1993. |
||
| 300 |
_axi,468p. _bNA _fOriginal |
||
| 500 | _aIncludes Index | ||
| 600 | _aEngineering Technology | ||
| 650 | _aTechnology | ||
| 942 | _cBK | ||
| 999 |
_c4554 _d4554 |
||